Pokemon 1. Generation nach buchstabe R - Statistiken

Allgemein
  • Dieses Quiz wurde 27 mal gespielt
  • Das Durchschnittsergebnis liegt bei 7 aus 10
Antwortstatistiken
Antwort % Korrekt
Raupy
90%
Rattfratz
85%
Rattikarl
85%
Rihorn
85%
Rizeros
80%
Rettan
75%
Rasaff
65%
Raichu
60%
Relaxo
55%
Rossana
40%
Keine übereinstimmenden Quizze gefunden
Verteilung der Resultate
Anzahl Personen mit jedem Resultat
Perzentil nach korrekt beantworteten Fragen
Ihre Resultats-Entwicklung
Sie haben dieses Quiz noch nicht gespielt